[Event "Madrid Codes Memorial 13th"]
[Site "Madrid"]
[Date "2019.03.31"]
[Round "1.14"]
[White "Carbajo Rodriguez, Adrian"]
[Black "Del Amo Rubio, Jesus"]
[Result "0-1"]
[WhiteElo "1155"]
[BlackElo "1630"]
[PlyCount "56"]
[EventDate "2019.03.31"]
[EventType "swiss"]
[EventRounds "9"]
[EventCountry "ESP"]
[SourceTitle "EXT 2024"]
[Source "ChessBase"]
[SourceDate "2023.10.10"]
[SourceVersion "1"]
[SourceVersionDate "2023.10.10"]
[SourceQuality "1"]

1. e4 e5 2. f4 exf4 3. Nf3 d6 4. Bc4 g5 5. h3 h5 6. d4 Be7 7. Qd3 Nc6 8. Bd2 Nh6 9. Na3 Bd7 10. 0-0-0 a6 11. d5 Ne5 12. Nxe5 dxe5 13. Bc3 Bd6 14. Rdg1 h4 15. Qe2 Ng8 16. g4 b5 17. Bb3 b4 18. Nc4 bxc3 19. Nxd6+ cxd6 20. Qd3 cxb2+ 21. Kxb2 Qb6 22. Ka1 Nf6 23. Re1 0-0 24. Rb1 Rfb8 25. Ba4 Qc5 26. Rxb8+ Rxb8 27. Bxd7 Nxd7 28. Qxa6 Qc3# 0-1